000
00275nam a22001337a 4500
008
170403b xxu||||| |||| 00| 0 eng d
020
_a
9780195120790
041
_a
eng
080
_a
574
100
_a
9
101
_a
SHM
245
_a
ECOLOGY
_c
DODSON.S.I
942
_2
udc
_c
BK
999
_c
9467
_d
9467